CEPALinforme preliminar de 1988 /
Furkejuvvon:
| Váldodahkki: | |
|---|---|
| Materiálatiipa: | Texto |
| Fáddágilkorat: |
Lasit fáddágilkoriid
Eai fáddágilkorat, Lasit vuosttaš fáddágilkora!
|
MARC
| LEADER | 00000 a a2200000 04500 | ||
|---|---|---|---|
| 001 | 45775 | ||
| 003 | |||
| 040 | |||
| 100 | |a Zpeda Martínez, Mario | ||
| 245 | |a CEPALinforme preliminar de 1988 / |c Mario Zepeda Martínez | ||
| 773 | |g número43 (1989), páginas 23 | ||
| 999 | |c 38561 |d 38561 | ||
